| 000 | 00827 a2200217 4500 | ||
|---|---|---|---|
| 999 |
_c183008 _d183008 |
||
| 005 | 20211214160315.0 | ||
| 010 | _aENG-130305-06 | ||
| 020 |
_c625.00 (v.I) _a978-93-903-9478-4 |
||
| 020 |
_c599.00(v.II) _a978-93-903-9477-7 |
||
| 035 | _aEN-113837-38 | ||
| 037 | _bDBAD / PUB | ||
| 082 | 1 | 4 | _a540 |
| 100 | 1 | _aSinghal, A.K. | |
| 245 | 1 |
_aObjective Chemistry for Neet 2021 _cA.K. Singhal |
|
| 260 |
_aUttar Pradesh _bPearson Indian Education Services Pvt Ltd _c2021 |
||
| 270 |
_a15th Floor, Tower-B, World Trade Tower, Plot No. 1, Block-C, Sector-16, _bUttar Pradesh _cNoida |
||
| 300 |
_a2 V. (V 1, 13.16p.; V 2, M5.4p.) _c25cm (pbk) |
||
| 505 | _aV.I-(Objective Chemistry for Neet 2021); V.II-(Objective Chemistry for Neet 2021) | ||
| 700 | _aU.K. Singhal | ||
| 942 |
_adpl _cEN _2ddc _h540 _mSIN |
||